000 00273nam a2200097Ia 4500
082 _aETF KITC
245 0 _aBracelet 12-005-35700
100 _a KITCHING, Garth Malvern, South Africa, 2001 1st ed
_963490
942 _cBK
008 210817s9999 xx 000 0 und d
999 _c201229
_d201229